[Event "American Continental (Women) 16th"]
[Site "Oaxtepec"]
[Date "2025.05.06"]
[Round "9"]
[White "Miranda Llanes, Yerisbel"]
[Black "Ortiz Verdesoto, Anahi Eduarda"]
[Result "0-1"]
[WhiteElo "2254"]
[BlackElo "2218"]
[PlyCount "128"]
[EventDate "2025.05.01"]
[EventType "swiss"]
[EventRounds "9"]
[EventCountry "MEX"]
[SourceTitle "CB19_2025"]
[SourceDate "2025.05.07"]
[SourceVersion "1"]
[SourceVersionDate "2025.05.07"]
[SourceQuality "1"]

1. d4 Nf6 2. c4 e6 3. Nc3 Bb4 4. e3 0-0 5. Bd3 d5 6. Nge2 b6 7. cxd5 exd5 8. 0-0 Bb7 9. Bd2 Re8 10. Rc1 Bf8 11. Nf4 Na6 12. Qa4 Nb4 13. Bb5 c6 14. Be2 a5 15. a3 Na6 16. Qb3 Bd6 17. Bf3 Rb8 18. Rfd1 b5 19. g3 Bc8 20. Nce2 Bd7 21. Nd3 a4 22. Qc2 Ng4 23. Bg2 h5 24. Nb4 Nxb4 25. Bxb4 Bxb4 26. axb4 Qe7 27. Qc5 Qf6 28. Rf1 Rbc8 29. h3 Nh6 30. Nf4 Nf5 31. Nd3 Nd6 32. Ne5 Rxe5 33. dxe5 Qxe5 34. Qc3 Qe7 35. Rfd1 Bf5 36. Rd4 Qe6 37. Kh2 Qf6 38. Rd2 Nc4 39. Qxf6 gxf6 40. Rd4 Nxb2 41. e4 dxe4 42. Bxe4 Bxe4 43. Rxe4 a3 44. Re3 Ra8 45. Ra1 Nc4 46. Rb3 f5 47. Ra2 Kg7 48. Kg2 Kf6 49. f3 h4 50. f4 hxg3 51. Kxg3 Rg8+ 52. Kf2 Rd8 53. Kg3 Rd4 54. Rc3 Kg6 55. Kf3 Kf6 56. Kg3 Ke6 57. Rb3 Kd5 58. h4 c5 59. h5 cxb4 60. h6 Kc5 61. Kh4 Rd8 62. Rc2 Ra8 63. Kg5 a2 64. Rxa2 Rxa2 0-1

[Event "American Continental (Women) 16th"]
[Site "Oaxtepec"]
[Date "2025.05.05"]
[Round "7"]
[White "Miranda Llanes, Yerisbel"]
[Black "Francisco Guecamburu, Candela Be"]
[Result "0-1"]
[WhiteElo "2254"]
[BlackElo "2294"]
[PlyCount "68"]
[EventDate "2025.05.01"]
[EventType "swiss"]
[EventRounds "9"]
[EventCountry "MEX"]
[SourceTitle "CB19_2025"]
[SourceDate "2025.05.07"]
[SourceVersion "1"]
[SourceVersionDate "2025.05.07"]
[SourceQuality "1"]

1. Nf3 Nf6 2. g3 b6 3. Bg2 Bb7 4. d4 c5 5. dxc5 bxc5 6. 0-0 g6 7. b3 Bg7 8. Bb2 0-0 9. Qc1 Qc8 10. Na3 Nc6 11. Rd1 d5 12. e3 Rd8 13. c4 Nb4 14. cxd5 Bxd5 15. Ne1 Bxg2 16. Kxg2 Qf5 17. Rxd8+ Rxd8 18. Nc4 Ne4 19. f3 Ng5 20. g4 Qd5 21. e4 Bxb2 22. Qxb2 Qd7 23. Qe5 Ne6 24. g5 f6 25. gxf6 exf6 26. Qg3 g5 27. Qf2 Nf4+ 28. Kh1 Nbd3 29. Nxd3 Qxd3 30. Re1 Qc3 31. Rf1 Rd3 32. Na3 Rd2 33. Qg3 Rg2 34. Qe1 Qb2 0-1

[Event "CUB-ch (Women)"]
[Site "Santa Clara"]
[Date "2025.02.08"]
[Round "1"]
[White "Miranda Llanes, Yerisbel"]
[Black "Forgas Moreno, Yaniela"]
[Result "0-1"]
[WhiteElo "2233"]
[BlackElo "2106"]
[PlyCount "140"]
[EventDate "2025.02.08"]
[EventType "swiss"]
[EventRounds "10"]
[EventCountry "CUB"]
[SourceTitle "CB08_2025"]
[SourceDate "2025.02.19"]
[SourceVersion "1"]
[SourceVersionDate "2025.02.19"]
[SourceQuality "1"]

1. d4 d6 2. Nf3 Nf6 3. c4 Nbd7 4. Nc3 e5 5. e4 Be7 6. Be2 0-0 7. 0-0 c6 8. Be3 Re8 9. Qc2 Bf8 10. Rfd1 Qc7 11. Rab1 a6 12. a3 exd4 13. Bxd4 Ne5 14. b4 Bg4 15. Nxe5 dxe5 16. Be3 a5 17. Bxg4 Nxg4 18. Bg5 axb4 19. axb4 h6 20. Bh4 Be7 21. Bxe7 Qxe7 22. h3 Nf6 23. c5 Red8 24. Ne2 Ne8 25. Ng3 g6 26. Rd2 Qg5 27. Rbd1 Rxd2 28. Rxd2 Rd8 29. Nf1 Nc7 30. Ne3 Ne6 31. Rxd8+ Qxd8 32. Kf1 Qd4 33. Qc4 Qa1+ 34. Ke2 Nd4+ 35. Kd2 Qb2+ 36. Kd1 Qb1+ 37. Kd2 Qxe4 38. Qd3 Qf4 39. Ke1 Ne6 40. Qc4 Kf8 41. g3 Qxc4 42. Nxc4 f6 43. Nd6 Nd8 44. f4 exf4 45. gxf4 f5 46. Ke2 Ke7 47. h4 b5 48. Ke3 Nf7 49. Nb7 Kf6 50. Na5 Nd8 51. Nb3 g5 52. hxg5+ hxg5 53. fxg5+ Kxg5 54. Nd4 Kg4 55. Nf3 Nf7 56. Nh2+ Kg5 57. Nf3+ Kf6 58. Nd4 Ne5 59. Ne2 Kg5 60. Kd4 Nf3+ 61. Ke3 Kg4 62. Nf4 Ne5 63. Ne6 Nc4+ 64. Kd3 f4 65. Ke2 f3+ 66. Kf2 Ne5 67. Ke3 Kg3 68. Ng5 Ng4+ 69. Kd4 f2 70. Ne4+ Kf4 0-1

[Event "American Continental (Women) 15th"]
[Site "Santo Domingo"]
[Date "2024.11.24"]
[Round "1"]
[White "Miranda Llanes, Yerisbel"]
[Black "Goodkind, Lauren"]
[Result "1-0"]
[WhiteElo "2242"]
[BlackElo "1869"]
[PlyCount "127"]
[EventDate "2024.11.24"]
[EventType "swiss"]
[EventRounds "9"]
[EventCountry "DOM"]
[SourceTitle "CB49_2024"]
[SourceDate "2024.12.04"]
[SourceVersion "1"]
[SourceVersionDate "2024.12.04"]
[SourceQuality "1"]

1. d4 d5 2. c4 c6 3. Nf3 e6 4. Nc3 f5 5. g3 Nf6 6. Bg2 Be7 7. 0-0 0-0 8. Qc2 Bd7 9. Ne5 Be8 10. Rd1 Nbd7 11. cxd5 cxd5 12. Qb3 Qb6 13. Bf4 Qxb3 14. axb3 Nxe5 15. Bxe5 Bc6 16. h4 Rfd8 17. f3 Kf7 18. Bh3 Bd6 19. Bxd6 Rxd6 20. b4 Be8 21. Ra5 a6 22. b5 Rb8 23. e3 Rb6 24. Bf1 axb5 25. Bxb5 Bc6 26. Rd2 Ne8 27. Bd3 Nd6 28. Kf2 Kf6 29. Rc2 Rb4 30. Na2 Rb3 31. Be2 h6 32. Nc1 Rb4 33. Nd3 Rc4 34. Rxc4 Nxc4 35. Ra7 g5 36. b3 Nd6 37. Ne5 Be8 38. Nd3 Nb5 39. Ra2 Nc3 40. Rc2 Nxe2 41. hxg5+ hxg5 42. Kxe2 Bb5 43. Kd2 Bxd3 44. Kxd3 b5 45. e4 fxe4+ 46. fxe4 b4 47. Rc6 dxe4+ 48. Kxe4 Rb5 49. g4 Ke7 50. Rc5 Rxc5 51. dxc5 Kd7 52. Ke5 Kc6 53. Kxe6 Kxc5 54. Ke5 Kb6 55. Kd6 Kb5 56. Kd5 Kb6 57. Kc4 Ka5 58. Kc5 Ka6 59. Kxb4 Kb6 60. Kc4 Kc6 61. Kd4 Kb5 62. Ke5 Kb4 63. Kf5 Kxb3 64. Kxg5 1-0

[Event "Olympiad Women-45"]
[Site "Budapest"]
[Date "2024.09.22"]
[Round "11.2"]
[White "Al Maamari, Wafia Darwish"]
[Black "Miranda Llanes, Yerisbel"]
[Result "1/2-1/2"]
[WhiteElo "1908"]
[BlackElo "2294"]
[PlyCount "93"]
[EventDate "2024.09.11"]
[EventType "team-swiss"]
[EventRounds "11"]
[EventCountry "HUN"]
[SourceTitle "EXT 2025"]
[Source "ChessBase"]
[SourceDate "2024.10.14"]
[SourceVersion "1"]
[SourceVersionDate "2024.10.14"]
[SourceQuality "1"]
[WhiteTeam "United Arab Emirates (W)"]
[BlackTeam "Cuba (W)"]
[WhiteTeamCountry "UAE"]
[BlackTeamCountry "CUB"]

1. Nf3 d5 2. d4 Nf6 3. c4 e6 4. e3 Nbd7 5. Nbd2 c6 6. Bd3 Be7 7. 0-0 0-0 8. e4 dxe4 9. Nxe4 Nxe4 10. Bxe4 Nf6 11. Bc2 c5 12. Qd3 cxd4 13. Bg5 g6 14. Qxd4 Qxd4 15. Nxd4 Bd7 16. Nf3 Rfd8 17. Rad1 Be8 18. h4 Kf8 19. Rxd8 Rxd8 20. Rd1 Rc8 21. Bd3 Ng4 22. Bxe7+ Kxe7 23. Be2 e5 24. Rd5 Bc6 25. Ra5 a6 26. Nxe5 Nxe5 27. Rxe5+ Kd6 28. Re3 a5 29. Kf1 Rc7 30. g4 h6 31. g5 hxg5 32. hxg5 Rc8 33. Bf3 b6 34. Bxc6 Rxc6 35. Rf3 Ke7 36. b3 Rc5 37. Rf6 b5 38. cxb5 Rxb5 39. f4 a4 40. bxa4 Ra5 41. Kf2 Rxa4 42. Kf3 Rxa2 43. Rb6 Ra3+ 44. Kg4 Ra7 45. Rf6 Ra3 46. Rb6 Ra7 47. Rf6 1/2-1/2

[Event "Olympiad Women-45"]
[Site "Budapest"]
[Date "2024.09.16"]
[Round "6.10"]
[White "Miranda Llanes, Yerisbel"]
[Black "Nurmanova, Alua"]
[Result "0-1"]
[WhiteElo "2294"]
[BlackElo "2324"]
[PlyCount "68"]
[EventDate "2024.09.11"]
[EventType "team-swiss"]
[EventRounds "11"]
[EventCountry "HUN"]
[SourceTitle "EXT 2025"]
[Source "ChessBase"]
[SourceDate "2024.10.14"]
[SourceVersion "1"]
[SourceVersionDate "2024.10.14"]
[SourceQuality "1"]
[WhiteTeam "Cuba (W)"]
[BlackTeam "Kazakhstan (W)"]
[WhiteTeamCountry "CUB"]
[BlackTeamCountry "KAZ"]

1. d4 d5 2. c4 e6 3. Nc3 Nf6 4. cxd5 exd5 5. Bg5 c6 6. e3 h6 7. Bh4 Be7 8. Bd3 0-0 9. Bg3 Re8 10. h3 Bd6 11. Nge2 Bxg3 12. Nxg3 Nbd7 13. 0-0 a5 14. Nf5 Nf8 15. Rc1 Ng6 16. Ng3 Nh4 17. Na4 Rb8 18. a3 Qd6 19. Re1 b6 20. e4 dxe4 21. Nxe4 Nxe4 22. Rxe4 Rxe4 23. Bxe4 Bd7 24. Qc2 Qf4 25. g3 Qg5 26. Kh2 Bf5 27. Bxf5 Nxf5 28. h4 Qg4 29. Qxc6 Nxd4 30. Qd6 Nf3+ 31. Kg2 Nxh4+ 32. Kh2 Re8 33. gxh4 Qxh4+ 34. Kg2 Qg5+ 0-1

[Event "Aguascalientes 2nd"]
[Site "Aguascalientes"]
[Date "2024.08.09"]
[Round "6"]
[White "Miranda Llanes, Yerisbel"]
[Black "Ramos Silvera, Roberto Alejandro"]
[Result "1/2-1/2"]
[WhiteElo "2269"]
[BlackElo "2344"]
[PlyCount "101"]
[EventDate "2024.08.06"]
[EventType "swiss"]
[EventRounds "9"]
[EventCountry "MEX"]
[SourceTitle "CBM 221 Extra"]
[Source "ChessBase"]
[SourceDate "2024.09.30"]
[SourceVersion "1"]
[SourceVersionDate "2024.09.30"]
[SourceQuality "1"]

1. d4 Nf6 2. c4 e6 3. Nf3 c5 4. d5 d6 5. Nc3 exd5 6. cxd5 g6 7. h3 Bg7 8. e4 0-0 9. Be3 Re8 10. Nd2 Nbd7 11. Be2 a6 12. a4 Rb8 13. 0-0 Qc7 14. Qc2 Ne5 15. Rae1 c4 16. f4 Ned7 17. Bxc4 b5 18. Bd3 b4 19. Nd1 Qxc2 20. Bxc2 a5 21. Bd3 Bb7 22. Bb5 Rec8 23. Bf2 Nc5 24. b3 Nfd7 25. Nc4 Nxb3 26. Nxd6 Rd8 27. Bh4 Bf6 28. Bxf6 Nxf6 29. Nc4 Nc5 30. Nf2 Ra8 31. g4 Ba6 32. Bxa6 Rxa6 33. d6 Nxa4 34. Ra1 Nc3 35. e5 Nfd5 36. Nxa5 Nxf4 37. Nb7 Rxa1 38. Rxa1 Rb8 39. Na5 b3 40. Nxb3 Rxb3 41. Ra8+ Kg7 42. d7 Ne6 43. d8Q Nxd8 44. Rxd8 Ne2+ 45. Kh2 Nf4 46. h4 h6 47. Ne4 Re3 48. Nd6 Rxe5 49. Rd7 Rd5 50. Rxf7+ Kg8 51. Rxf4 1/2-1/2

[Event "Aguascalientes 2nd"]
[Site "Aguascalientes"]
[Date "2024.08.09"]
[Round "5"]
[White "Perez Gormaz, Matias Ariel"]
[Black "Miranda Llanes, Yerisbel"]
[Result "1/2-1/2"]
[WhiteElo "2399"]
[BlackElo "2269"]
[PlyCount "93"]
[EventDate "2024.08.06"]
[EventType "swiss"]
[EventRounds "9"]
[EventCountry "MEX"]
[SourceTitle "CBM 221 Extra"]
[Source "ChessBase"]
[SourceDate "2024.09.30"]
[SourceVersion "1"]
[SourceVersionDate "2024.09.30"]
[SourceQuality "1"]

1. e4 c5 2. Nf3 d6 3. d4 cxd4 4. Nxd4 Nf6 5. Nc3 a6 6. Be2 e5 7. Nb3 Be7 8. 0-0 Be6 9. f4 Qc7 10. g4 exf4 11. g5 Nfd7 12. Bxf4 Nc6 13. Qd2 0-0 14. Rad1 Rad8 15. Kh1 Nce5 16. Nd4 g6 17. Qe3 Rfe8 18. a4 Bf8 19. Qg3 Bg7 20. Rd2 Qb6 21. b3 Rc8 22. Rfd1 Bf8 23. Bf1 Qa5 24. Nce2 Nc5 25. Bg2 b5 26. axb5 axb5 27. Be3 Bd7 28. Nf4 Ng4 29. b4 Qxb4 30. Nd5 Qa5 31. Nb3 Nxb3 32. cxb3 Be6 33. Bf4 Bxd5 34. Rxd5 Ne5 35. Bf1 Rc3 36. Rxb5 Rxg3 37. Rxa5 Rxb3 38. Bxe5 Rxe5 39. Rxe5 dxe5 40. Bc4 Rc3 41. Bd5 Rf3 42. Kg2 Rf4 43. Rf1 Rxf1 44. Kxf1 Kg7 45. Kg2 f6 46. gxf6+ Kxf6 47. h4 1/2-1/2

[Event "Central America-ch (Women)"]
[Site "Santa Clara"]
[Date "2024.05.20"]
[Round "9"]
[White "Muniz Guevara, Amanda Maria"]
[Black "Miranda Llanes, Yerisbel"]
[Result "1/2-1/2"]
[WhiteElo "2119"]
[BlackElo "2269"]
[PlyCount "42"]
[EventDate "2024.05.14"]
[EventType "swiss"]
[EventRounds "9"]
[EventCountry "CUB"]
[SourceTitle "CBM 220 Extra"]
[Source "ChessBase"]
[SourceDate "2024.07.31"]
[SourceVersion "1"]
[SourceVersionDate "2024.07.31"]
[SourceQuality "1"]

1. e4 c5 2. Nf3 d6 3. d4 cxd4 4. Nxd4 Nf6 5. Nc3 a6 6. Be2 e5 7. Nb3 Be6 8. Be3 Nbd7 9. 0-0 Be7 10. f4 Qc7 11. f5 Bc4 12. Nd2 Bxe2 13. Qxe2 b5 14. a3 Nb6 15. Kh1 Qc6 16. Qf3 h6 17. Rfd1 Rc8 18. Rac1 Bd8 19. Qg3 Kf8 20. Qf3 Be7 21. Bf2 Bd8 1/2-1/2

[Event "Central America-ch (Women)"]
[Site "Santa Clara"]
[Date "2024.05.15"]
[Round "3"]
[White "Gonzalez Ochoa, Yoana"]
[Black "Miranda Llanes, Yerisbel"]
[Result "1/2-1/2"]
[WhiteElo "2052"]
[BlackElo "2269"]
[PlyCount "26"]
[EventDate "2024.05.14"]
[EventType "swiss"]
[EventRounds "9"]
[EventCountry "CUB"]
[SourceTitle "CBM 220 Extra"]
[Source "ChessBase"]
[SourceDate "2024.07.31"]
[SourceVersion "1"]
[SourceVersionDate "2024.07.31"]
[SourceQuality "1"]

1. e4 e5 2. Nf3 Nc6 3. Bc4 Bc5 4. c3 Nf6 5. d3 d6 6. 0-0 a6 7. a4 Ba7 8. Re1 0-0 9. h3 h6 10. Be3 Bxe3 11. Rxe3 Re8 12. Nbd2 Be6 13. Bxe6 Rxe6 1/2-1/2